000 00407nam a2200181Ia 4500
003 0STCL
008 150530s9999 xx 000 0 und d
040 _aSTCL
_cSTCL
100 _aVasudevan Moosath K
245 _aRajasthana Simham
250 _a1
260 _bBharatha Vilasam; Trichur
_c1946
300 _a0
546 _aMalayalam
942 _2ddc
_cBK
999 _c82743
_d82743
005 20220125171825.0